<?xml version="1.0" encoding="UTF-8"?>
<record
    xmlns:xsi="http://www.w3.org/2001/XMLSchema-instance"
    xsi:schemaLocation="http://www.loc.gov/MARC21/slim http://www.loc.gov/standards/marcxml/schema/MARC21slim.xsd"
    xmlns="http://www.loc.gov/MARC21/slim">

  <leader>00328    a2200109   4500</leader>
  <datafield tag="020" ind1=" " ind2=" ">
    <subfield code="a">9788194727637</subfield>
  </datafield>
  <datafield tag="100" ind1=" " ind2=" ">
    <subfield code="a">Maheshwari, Shushil Kumar</subfield>
    <subfield code="9">181601</subfield>
  </datafield>
  <datafield tag="245" ind1=" " ind2=" ">
    <subfield code="a">Textbook of Applied Psychology( For Nursing and Health Sciences)</subfield>
  </datafield>
  <datafield tag="250" ind1=" " ind2=" ">
    <subfield code="a">1st</subfield>
  </datafield>
  <datafield tag="260" ind1=" " ind2=" ">
    <subfield code="b">Vision Health Science Publishers</subfield>
    <subfield code="c">2021</subfield>
  </datafield>
  <datafield tag="999" ind1=" " ind2=" ">
    <subfield code="c">159687</subfield>
    <subfield code="d">159687</subfield>
  </datafield>
  <datafield tag="650" ind1=" " ind2=" ">
    <subfield code="a">PSYCHOLOGY</subfield>
    <subfield code="9">106838</subfield>
  </datafield>
  <datafield tag="952" ind1=" " ind2=" ">
    <subfield code="0">0</subfield>
    <subfield code="1">0</subfield>
    <subfield code="2">ddc</subfield>
    <subfield code="4">0</subfield>
    <subfield code="7">0</subfield>
    <subfield code="a">SNCN</subfield>
    <subfield code="b">SNCN</subfield>
    <subfield code="d">2023-06-01</subfield>
    <subfield code="e">108</subfield>
    <subfield code="g">371.25</subfield>
    <subfield code="l">8</subfield>
    <subfield code="o">616/MAH</subfield>
    <subfield code="p">SNCN-BK-3269</subfield>
    <subfield code="r">2025-03-01 00:00:00</subfield>
    <subfield code="s">2025-01-28</subfield>
    <subfield code="v">495.00</subfield>
    <subfield code="w">2023-06-01</subfield>
    <subfield code="y">BK</subfield>
    <subfield code="z">3269</subfield>
  </datafield>
  <datafield tag="952" ind1=" " ind2=" ">
    <subfield code="0">0</subfield>
    <subfield code="1">0</subfield>
    <subfield code="2">ddc</subfield>
    <subfield code="4">0</subfield>
    <subfield code="7">0</subfield>
    <subfield code="a">SNCN</subfield>
    <subfield code="b">SNCN</subfield>
    <subfield code="d">2023-06-01</subfield>
    <subfield code="e">108</subfield>
    <subfield code="g">371.25</subfield>
    <subfield code="l">8</subfield>
    <subfield code="o">616/MAH</subfield>
    <subfield code="p">SNCN-BK-3267</subfield>
    <subfield code="r">2026-04-02 11:43:49</subfield>
    <subfield code="s">2026-03-17</subfield>
    <subfield code="v">495.00</subfield>
    <subfield code="w">2023-06-01</subfield>
    <subfield code="y">BK</subfield>
    <subfield code="z">3267</subfield>
  </datafield>
  <datafield tag="952" ind1=" " ind2=" ">
    <subfield code="0">0</subfield>
    <subfield code="1">0</subfield>
    <subfield code="2">ddc</subfield>
    <subfield code="4">0</subfield>
    <subfield code="7">0</subfield>
    <subfield code="a">SNCN</subfield>
    <subfield code="b">SNCN</subfield>
    <subfield code="d">2023-06-01</subfield>
    <subfield code="e">108</subfield>
    <subfield code="g">371.25</subfield>
    <subfield code="l">4</subfield>
    <subfield code="o">616/MAH</subfield>
    <subfield code="p">SNCN-BK-3265</subfield>
    <subfield code="r">2025-02-18 00:00:00</subfield>
    <subfield code="s">2025-01-27</subfield>
    <subfield code="v">495.00</subfield>
    <subfield code="w">2023-06-01</subfield>
    <subfield code="y">BK</subfield>
    <subfield code="z">3265</subfield>
  </datafield>
  <datafield tag="952" ind1=" " ind2=" ">
    <subfield code="0">0</subfield>
    <subfield code="1">0</subfield>
    <subfield code="2">ddc</subfield>
    <subfield code="4">0</subfield>
    <subfield code="7">0</subfield>
    <subfield code="a">SNCN</subfield>
    <subfield code="b">SNCN</subfield>
    <subfield code="d">2023-06-01</subfield>
    <subfield code="e">108</subfield>
    <subfield code="g">371.25</subfield>
    <subfield code="l">7</subfield>
    <subfield code="o">616/MAH</subfield>
    <subfield code="p">SNCN-BK-3266</subfield>
    <subfield code="r">2025-11-21 14:08:40</subfield>
    <subfield code="s">2025-11-20</subfield>
    <subfield code="v">495.00</subfield>
    <subfield code="w">2023-06-01</subfield>
    <subfield code="y">BK</subfield>
    <subfield code="z">3266</subfield>
  </datafield>
  <datafield tag="952" ind1=" " ind2=" ">
    <subfield code="0">0</subfield>
    <subfield code="1">0</subfield>
    <subfield code="2">ddc</subfield>
    <subfield code="4">0</subfield>
    <subfield code="7">0</subfield>
    <subfield code="a">SNCN</subfield>
    <subfield code="b">SNCN</subfield>
    <subfield code="d">2023-06-01</subfield>
    <subfield code="e">108</subfield>
    <subfield code="g">371.25</subfield>
    <subfield code="l">6</subfield>
    <subfield code="o">616/MAH</subfield>
    <subfield code="p">SNCN-BK-3268</subfield>
    <subfield code="r">2025-02-18 00:00:00</subfield>
    <subfield code="s">2025-01-27</subfield>
    <subfield code="v">495.00</subfield>
    <subfield code="w">2023-06-01</subfield>
    <subfield code="y">BK</subfield>
    <subfield code="z">3268</subfield>
  </datafield>
</record>
